000 00388nam a2200109Ia 4500
008 220216s9999 xx 000 0 und d
100 _aSethuraj M.R.
245 0 _aResearch on natural rubber in India: Achievements and prospects
260 _bInternational Natural Rubber Conference, 5-8 February 1992, Bangalore, India, Souvenir, pp. 7-9.
_c1992
650 _aRubber research
942 _cBS
999 _c52907
_d52907